Nekonvenčná menová politika Eurosystému musí zvládnuť aj dlhovú krízu
Menový vývoj v eurozóne. Makroekonomická prognóza eurozóny. Vzájomný vzťah medzi vývojom HDP, inflácie a sadzbou hlavných refinančných operácií. Dopyt po peniazoch v eurozóne. Vývoj vo verejných financiách krajín eurozóny. Problém dlhovej krízy.
Uložené v:
| Hlavný autor: | |
|---|---|
| Médium: | Kapitola |
| Jazyk: | Slovak |
| Predmet: | |
| Tagy: |
Žiadne tagy, Buďte prvý, kto otaguje tento záznam!
|
MARC
| LEADER | 00000naa a2200000 4500 | ||
|---|---|---|---|
| 001 | 0126328 | ||
| 005 | 20240502072435.6 | ||
| 041 | 0 | |a slo | |
| 044 | |a SK | ||
| 245 | 1 | 0 | |a Nekonvenčná menová politika Eurosystému musí zvládnuť aj dlhovú krízu |c Jana Kotlebová |
| 520 | |a Menový vývoj v eurozóne. Makroekonomická prognóza eurozóny. Vzájomný vzťah medzi vývojom HDP, inflácie a sadzbou hlavných refinančných operácií. Dopyt po peniazoch v eurozóne. Vývoj vo verejných financiách krajín eurozóny. Problém dlhovej krízy. | ||
| 610 | 2 | 0 | |a eurozóna |
| 610 | 2 | 0 | |a kríza finančná |
| 610 | 2 | 0 | |a vývoj menový |
| 610 | 2 | 0 | |a prognózy hospodárske |
| 610 | 2 | 0 | |a financie verejné |
| 100 | 1 | |a Kotlebová, Jana, 1969- | |